Kinh tế Hàn Quốc đang trỗi dậy = The rise of the Korean economy

Đã lưu trong:
书目详细资料
主要作者: Byung-Nak Song
其他作者: Phạm Quý Long
格式: 图书
语言:Vietnamese
出版: Thống kê 2002
标签: 添加标签
没有标签, 成为第一个标记此记录!
Thư viện lưu trữ: Mạng thư viện Đại học Đà Nẵng
LEADER 00717nam a2200265 4500
001 000020319
003 16764
005 20150316090333.0
008 150316s2002 viesd
020 |c 40000 
041 0 |a vie 
082 1 4 |a 330.9519  |b BY-S 
100 1 |a Byung-Nak Song 
245 1 0 |a Kinh tế Hàn Quốc đang trỗi dậy = The rise of the Korean economy  |c Byung-Nak Song ; Phạm Quý Long dịch. 
260 |b Thống kê  |c 2002 
300 |a tr.  |c cm. 
700 1 |a Phạm Quý Long 
OWN |a LSP 
999 |a From the UDN01 
TYP |a Monograph 
TYP |a Printed language 
980 |a Mạng thư viện Đại học Đà Nẵng